00323nam a2200121Ia 4500008004100000041000800041082001500049100001300064245003000077260005100107300003200158365001100190240624s9999 xx 000 0 und d aeng a344.01 PUR aPURI S D aPAYMENT OF WAGES ACT 1936 c2008aMumbaibSnow White Publication Pvt. Ltd. axxxvi, : 64 : p. : cm. ; 24 cRSb15